00363pab a2200133 454500008004000000100002000040245004400060260000900104300001200113362001100125650004800136650002800184773001700212180718b1998 xxu||||| |||| 00| 0 eng d aGoyal, Narendra aRepeal of Art 370: an irrational demand c1998 ap.10-12 a14 Mar aJammu and Kashmir - Politics and government aPolitics and government aYoung Indian